000 00539nam a2200169Ia 4500
008 090201s9999 xx 000 0 und d
010 _aKPL-30218
040 _bमराठी
041 _aमराठी
082 _a21352
_b30218
100 _aसुमति क्षेत्रमाडे
245 _aमैथिली
_cसुमति क्षेत्रमाडे
260 _c2004
_bमनोरंजन प्रकाशन
300 _a518
_bमोठा
600 _aमैथिली
942 _cBOOK
999 _c221049
_d221049